[Event "ACL-A001"]
[Site "www.playchess.de"]
[Date "2000.07.02"]
[Round "5"]
[White "zarconeus"]
[Black "Mother_Teresa"]
[WhiteElo "1500"]
[BlackElo "1500"]
[PlyCount "49"]
[Result "1-0"]

1.d4 d5 2.e3 Nf6 3.c4 e6 4.Nc3 Bb4 5.Qc2 O-O 6.Nf3 
Nc6 7.Be2 Re8 8.O-O a6 9.Rd1 Na5 10.c5 b6 11.Nb1 
bxc5 12.a3 Bxa3 13.Rxa3 Nc6 14.Qxc5 Bb7 15.Bd2 Nd7 
16.Qc2 h6 17.Rc3 Nb4 18.Qa4 a5 19.Rdc1 Nb6 20.Qa3 
f6 21.R3xc7 Re7 22.Rxe7 Qxe7 23.Rc5 e5 24.Rxa5 Kh7 
25.Bxb4 1-0

[Event "HCL-A001"]
[Site "www.playchess.de"]
[Date "2000.07.03"]
[Round "1"]
[White "Jeroen"]
[Black "Redbaron"]
[WhiteElo "1600"]
[BlackElo "1700"]
[PlyCount "35"]
[Result "1-0"]

1.e4 c5 2.Nf3 Nc6 3.d4 cxd4 4.Nxd4 e5 5.Nxc6 bxc6 
6.Nc3 Nf6 7.Bd3 Be7 8.O-O O-O 9.f4 Bc5+ 10.Kh1 d6 
11.fxe5 Ng4 12.exd6 Nxh2 13.Rf4 Bxd6 14.e5 Bxe5 
15.Qh5 f5 16.Bc4+ Kh8 17.Rh4 h6 
18.Bxh6 1-0

[Event "HCL-C002"]
[Site "www.playchess.de"]
[Date "2000.07.03"]
[Round "21"]
[White "JensAnd"]
[Black "kennyn"]
[WhiteElo "1000"]
[BlackElo "1100"]
[PlyCount "27"]
[Result "1-0"]

1.e4 e5 2.Nf3 Nc6 3.Bb5 a6 4.Ba4 Nf6 5.O-O Be7 
6.Re1 O-O 7.d3 b5 8.Bb3 Re8 9.Ng5 d5 10.exd5 Nxd5 
11.Nxf7 Kxf7 12.Qf3+ Ke6 13.Nc3 Bb4 
14.Bxd5+ 1-0

[Event "HCL-A001"]
[Site "www.playchess.de"]
[Date "2000.07.04"]
[Round "3"]
[White "Redbaron"]
[Black "Jozef"]
[WhiteElo "1700"]
[BlackElo "1700"]
[PlyCount "42"]
[Result "0-1"]

1.e4 e5 2.Nf3 Nc6 3.Bb5 a6 4.Ba4 Bc5 5.O-O d6 6.c3 
Bg4 7.b4 Ba7 8.h3 h5 9.d3 Qf6 10.Be3 b5 11.Bb3 
Nge7 12.hxg4 hxg4 13.Ng5 Bxe3 14.Bxf7+ Kd8 15.Ne6+ 
Kc8 16.Qxg4 Kb7 17.Qf3 Bf4 18.Nxf4 exf4 19.Bd5 
Nxd5 20.exd5 Ne5 21.Qe2 f3 0-1

[Event "HCL-B005"]
[Site "www.playchess.de"]
[Date "2000.07.04"]
[Round "4"]
[White "Theos666"]
[Black "IBAC"]
[WhiteElo "1200"]
[BlackElo "1500"]
[PlyCount "41"]
[Result "1-0"]

1.e4 c6 2.g3 e5 3.Bg2 Qc7 4.Nf3 Nf6 5.d3 Be7 6.O-O 
d6 7.b3 Bg4 8.h3 Bd7 9.c3 Na6 10.Re1 O-O 11.Bb2 
Rad8 12.h4 Qc8 13.d4 Bh3 14.Ng5 Bxg2 15.Kxg2 h6 
16.Nf3 Qe6 17.Re2 Nc7 18.c4 Ng4 19.Nc3 f5 20.dxe5 
Qd5 21.exd5 1-0

[Event "HCL-B005"]
[Site "www.playchess.de"]
[Date "2000.07.04"]
[Round "6"]
[White "sash"]
[Black "IBAC"]
[WhiteElo "1500"]
[BlackElo "1500"]
[PlyCount "47"]
[Result "1-0"]

1.d4 Nf6 2.c4 e6 3.Nf3 d5 4.e3 Be7 5.Nc3 O-O 6.Qc2 
c6 7.Bd3 Nbd7 8.O-O Re8 9.c5 Qc7 10.h3 e5 11.Nxe5 
Nxe5 12.dxe5 Qxe5 13.b4 a5 14.Ba3 axb4 15.Bxb4 b6 
16.Na4 bxc5 17.Bxc5 Bxc5 18.Nxc5 Qd6 19.a4 Re5 
20.Rfc1 Rg5 21.Kf1 g6 22.f4 Rg3 23.Qf2 Nh5 
24.Be2 1-0

[Event "ACL-A001"]
[Site "www.playchess.de"]
[Date "2000.07.04"]
[Round "1"]
[White "Redbaron"]
[Black "Mother_Teresa"]
[WhiteElo "1500"]
[BlackElo "1500"]
[PlyCount "86"]
[Result "0-1"]

1.e4 e5 2.Nf3 Nf6 3.Bc4 Nxe4 4.Nxe5 Qe7 5.Qh5 g6 
6.Bxf7+ Kd8 7.Bxg6 Nf6 8.Kd1 Nxh5 9.Nf7+ Qxf7 
10.Bxf7 Nf4 11.Re1 Be7 12.g3 Nh3 13.Ke2 Rf8 14.Bb3 
Rxf2+ 15.Kd3 Rxh2 16.c3 Rg2 17.Kc2 d6 18.Bd5 Rxg3 
19.d3 c6 20.Be6 Bxe6 21.Rxe6 Rg2+ 22.Kb3 a5 23.a4 
Nf2 24.Re2 Nd7 25.d4 d5 26.Be3 Bh4 27.Nd2 Kc7 
28.Bf4+ Kb6 29.Nf3 Rg4 30.Nxh4 Rxf4 31.Ng2 Rf7 
32.Rf1 Raf8 33.Ne1 Ne4 34.Rxf7 Rxf7 35.Rh2 c5 
36.Rh6+ Kc7 37.Nc2 c4+ 38.Ka2 Rf2 39.Kb1 Ndf6 
40.Na3 Kd6 41.Nb5+ Ke6 42.Nc7+ Kf5 43.Nxd5 
Nxd5 0-1

[Event "HCL-B006"]
[Site "www.playchess.de"]
[Date "2000.07.06"]
[Round "7"]
[White "deckard"]
[Black "FrenchKnight"]
[WhiteElo "1500"]
[BlackElo "1300"]
[PlyCount "44"]
[Result "0-1"]

1.e4 e5 2.f4 exf4 3.Nf3 d6 4.Bc4 h6 5.O-O Bg4 6.d4 
g5 7.Nc3 Nd7 8.e5 dxe5 9.Nxe5 Nxe5 10.Bxf7+ Kxf7 
11.Bxf4 Nf6 12.Bxe5 Bxd1 13.Bxf6 Qe8 14.Bxh8+ Kg8 
15.Nd5 Kxh8 16.Raxd1 Qc6 17.Ne3 Bg7 18.d5 Qc5 
19.Rf3 Rf8 20.Rxf8+ Bxf8 21.Kf2 Bd6 22.h3 
Bf4 0-1

[Event "HCL-C001"]
[Site "www.playchess.de"]
[Date "2000.07.06"]
[Round "9"]
[White "Cetilak"]
[Black "chipc"]
[WhiteElo "1000"]
[BlackElo "1000"]
[PlyCount "43"]
[Result "1-0"]

1.d4 d5 2.c4 Nf6 3.cxd5 Nxd5 4.Nf3 e6 5.e4 Ne7 
6.Bc4 c6 7.Nc3 b5 8.Bd3 Ba6 9.b4 Nc8 10.Qb3 Qe7 
11.a3 Qb7 12.e5 Be7 13.Ne2 O-O 14.O-O f6 15.Qxe6+ 
Rf7 16.Bxh7+ Kf8 17.Bg6 Bd8 18.Qh3 Ke7 19.Bxf7 
Kxf7 20.Nf4 Nd7 21.Qe6+ Kf8 22.Ng6+ 1-0

[Event "HCL-B007"]
[Site "www.playchess.de"]
[Date "2000.07.07"]
[Round "3"]
[White "jonte2"]
[Black "Theos666"]
[WhiteElo "1500"]
[BlackElo "1200"]
[PlyCount "23"]
[Result "1-0"]

1.d4 e6 2.Nf3 Nc6 3.e4 f5 4.Bg5 Nf6 5.e5 h6 6.Bxf6 
Qxf6 7.exf6 gxf6 8.Nc3 d5 9.Nh4 Rg8 10.Qh5+ Kd8 
11.Qf7 Rh8 12.Qxf6+ 1-0

[Event "HCL-C001"]
[Site "www.playchess.de"]
[Date "2000.07.08"]
[Round "7"]
[White "Cetilak"]
[Black "Mother_Teresa"]
[WhiteElo "1000"]
[BlackElo "1000"]
[PlyCount "81"]
[Result "1-0"]

1.b3 d5 2.Nf3 c5 3.e3 Nf6 4.Bb2 Bg4 5.h3 Bh5 6.g4 
Bg6 7.Ne5 Nbd7 8.Nxg6 hxg6 9.Bg2 e6 10.d3 Be7 
11.Nd2 b5 12.e4 Nb6 13.O-O Rc8 14.c4 dxe4 15.dxe4 
a6 16.Qc2 O-O 17.Rad1 Qc7 18.f4 b4 19.e5 Nfd7 
20.Nf3 f6 21.Qxg6 Rf7 22.Qd3 Rd8 23.Qd2 Nf8 24.Qc2 
Rxd1 25.Rxd1 f5 26.g5 Ng6 27.h4 Nxf4 28.Bf1 g6 
29.Qf2 a5 30.Nd4 Qxe5 31.Re1 Qb8 32.Nc6 Qc7 
33.Nxe7+ Rxe7 34.Be5 Qd7 35.Qxf4 a4 36.Bd6 e5 
37.Qd2 Re6 38.Rd1 Nc8 39.Bxc5 Qxd2 40.Rxd2 axb3 
41.a3 1-0

[Event "HCL-A002"]
[Site "www.playchess.de"]
[Date "2000.07.09"]
[Round "7"]
[White "Blunderer"]
[Black "Redbaron"]
[WhiteElo "1700"]
[BlackElo "1700"]
[PlyCount "71"]
[Result "1-0"]

1.e4 e5 2.Nf3 Nc6 3.Bb5 a6 4.Bxc6 dxc6 5.d4 exd4 
6.Qxd4 Qxd4 7.Nxd4 Bd6 8.Nc3 Nf6 9.O-O Ng4 10.h3 
c5 11.Nf3 Ne5 12.Nxe5 Bxe5 13.Nd5 Be6 14.Bf4 Bxd5 
15.Bxe5 Bxe4 16.Rfe1 f6 17.Bxc7 Kd7 18.Rxe4 Kxc7 
19.Re7+ Kb6 20.Rxg7 Rad8 21.Re1 Rde8 22.Kf1 h5 
23.Ree7 Rxe7 24.Rxe7 Rd8 25.Re6+ Kb5 26.Ke2 Rf8 
27.g4 hxg4 28.hxg4 a5 29.f4 b6 30.Ke3 a4 31.Ke4 
f5+ 32.gxf5 Rd8 33.f6 Rd4+ 34.Ke5 Rd8 35.f7 Rf8 
36.Kf6 1-0

[Event "HCL-B005"]
[Site "www.playchess.de"]
[Date "2000.07.09"]
[Round "5"]
[White "IBAC"]
[Black "SSC"]
[WhiteElo "1500"]
[BlackElo "1500"]
[PlyCount "68"]
[Result "0-1"]

1.e4 c5 2.Nf3 d6 3.d4 cxd4 4.Nxd4 Nf6 5.Nc3 a6 
6.a4 g6 7.Be2 Bg7 8.Be3 Nc6 9.Nxc6 bxc6 10.f3 a5 
11.O-O O-O 12.Qd2 Qc7 13.Rfb1 Rb8 14.Bh6 e5 
15.Bxg7 Kxg7 16.g3 Nh5 17.Kg2 Be6 18.b3 Qe7 19.Bd3 
f5 20.Be2 f4 21.g4 Nf6 22.Rbd1 Rfd8 23.Qe1 h6 
24.Bd3 Qa7 25.Qf2 Qxf2+ 26.Kxf2 d5 27.Rdh1 dxe4 
28.Nxe4 Bxb3 29.Rhb1 Nxe4+ 30.fxe4 Be6 31.h3 Kf6 
32.Rxb8 Rxb8 33.Kf3 Rb4 34.Ra3 
c5 0-1

[Event "HCL-B002"]
[Site "www.playchess.de"]
[Date "2000.07.10"]
[Round "2"]
[White "jonte2"]
[Black "SSC"]
[WhiteElo "1500"]
[BlackElo "1500"]
[PlyCount "40"]
[Result "0-1"]

1.d4 Nf6 2.Nc3 d6 3.e4 Nbd7 4.Bd3 e5 5.Be3 Be7 
6.Nd5 Nxd5 7.exd5 O-O 8.Nf3 f5 9.Ng5 Bxg5 10.Bxg5 
Qxg5 11.h4 Qxg2 12.Ke2 e4 13.Bc4 e3 14.Rg1 Qxf2+ 
15.Kd3 Nf6 16.Qc1 f4 17.Qe1 Bf5+ 18.Kc3 Qxc2+ 
19.Kb4 a5+ 20.Kb5 Bd7+ 0-1

[Event "HCL-B005"]
[Site "www.playchess.de"]
[Date "2000.07.10"]
[Round "1"]
[White "Theos666"]
[Black "SSC"]
[WhiteElo "1200"]
[BlackElo "1500"]
[PlyCount "64"]
[Result "0-1"]

1.d3 e5 2.Nf3 Nc6 3.c3 d5 4.e4 dxe4 5.dxe4 Qxd1+ 
6.Kxd1 Bc5 7.Be3 Bxe3 8.fxe3 Bg4 9.Nbd2 O-O-O 
10.Kc1 Nge7 11.h3 Bh5 12.g4 Bg6 13.b4 f6 14.Rg1 
Bf7 15.g5 Rhg8 16.a4 Be6 17.b5 Na5 18.gxf6 gxf6 
19.Rxg8 Rxg8 20.c4 Rg3 21.Kb2 Nxc4+ 22.Kc3 Nxd2 
23.Nxd2 Rxe3+ 24.Kc2 Bxh3 25.Nc4 Rg3 26.a5 Bxf1 
27.Rxf1 Rg6 28.b6 axb6 29.axb6 cxb6 30.Nxb6+ Kc7 
31.Nd5+ Nxd5 32.exd5 Kd6 0-1

[Event "HCL-B005"]
[Site "www.playchess.de"]
[Date "2000.07.11"]
[Round "3"]
[White "SSC"]
[Black "sash"]
[WhiteElo "1500"]
[BlackElo "1500"]
[PlyCount "67"]
[Result "1-0"]

1.e4 e5 2.Nf3 d6 3.d4 exd4 4.Nxd4 Nf6 5.Nc3 Be7 
6.Be2 O-O 7.O-O Be6 8.Be3 Qd7 9.Nxe6 fxe6 10.f4 
Nc6 11.Qd2 Rad8 12.Bf3 a6 13.Rad1 Qe8 14.g4 e5 
15.f5 Qf7 16.a3 Kh8 17.Qe2 g6 18.g5 Ng8 19.f6 Nxf6 
20.gxf6 Bxf6 21.Nd5 Qg7 22.Qd2 Qd7 23.Nxf6 Rxf6 
24.Bg5 Rxf3 25.Rxf3 Nd4 26.Rff1 Qg4+ 27.Qg2 Qxg2+ 
28.Kxg2 Re8 29.Rd2 Kg8 30.Rdf2 Ne6 31.Bh6 b5 
32.R2f6 Nc5 33.R6f8+ Rxf8 34.Rxf8+ 1-0

[Event "HCL-B006"]
[Site "www.playchess.de"]
[Date "2000.07.11"]
[Round "3"]
[White "rrcn"]
[Black "Aussie_3340"]
[WhiteElo "1200"]
[BlackElo "1200"]
[PlyCount "44"]
[Result "0-1"]

1.e4 e5 2.f4 exf4 3.Nf3 d5 4.exd5 Bd6 5.d3 Bg4 
6.Be2 Bxf3 7.Bxf3 Qh4+ 8.Kf1 Ne7 9.Nc3 O-O 10.Bd2 
Nf5 11.Ne2 Ne3+ 12.Bxe3 fxe3 13.g3 Qh3+ 14.Kg1 Nd7 
15.Qf1 Qh6 16.Re1 Rae8 17.Nd4 Bc5 18.Ne2 Qf6 19.c3 
Ne5 20.Nd4 Nxf3+ 21.Qxf3 Bxd4 22.Qxf6 
Bxf6 0-1

[Event "HCL-C002"]
[Site "www.playchess.de"]
[Date "2000.07.12"]
[Round "14"]
[White "JensAnd"]
[Black "PDelaquess"]
[WhiteElo "1000"]
[BlackElo "1000"]
[PlyCount "42"]
[Result "1/2-1/2"]

1.e4 e5 2.Nf3 Nf6 3.Nxe5 d6 4.Nf3 Nxe4 5.d4 d5 
6.Bd3 Be7 7.Nbd2 Bf5 8.O-O O-O 9.Re1 Nd6 10.Bxf5 
Nxf5 11.Nb3 b6 12.Qd3 Nd6 13.Bf4 f6 14.Nbd2 Qd7 
15.Re2 Nc6 16.a3 Nd8 17.Rae1 Re8 18.c4 dxc4 
19.Nxc4 N8f7 20.Nxd6 Bxd6 21.Bxd6 
Nxd6 1/2-1/2

[Event "ACL-A001"]
[Site "www.playchess.de"]
[Date "2000.07.12"]
[Round "8"]
[White "Mother_Teresa"]
[Black "Dictator"]
[WhiteElo "1500"]
[BlackElo "1500"]
[PlyCount "83"]
[Result "1-0"]

1.e4 e5 2.Nf3 d6 3.Bc4 Bg4 4.Nc3 Be6 5.Bxe6 fxe6 
6.O-O Nc6 7.d3 Nd4 8.Be3 Nxf3+ 9.Qxf3 Qd7 10.Qh5+ 
g6 11.Qe2 O-O-O 12.d4 Bh6 13.Rad1 Bxe3 14.Qxe3 
exd4 15.Qxd4 e5 16.Qxa7 Qc6 17.Qa8+ Kd7 18.Qa4 
Qxa4 19.Nxa4 Ra8 20.Nc3 Rf8 21.a4 Kc8 22.b4 Nf6 
23.Rfe1 b5 24.Nxb5 Kd7 25.f3 Rfa8 26.Rda1 h5 27.c4 
g5 28.a5 g4 29.Nc3 gxf3 30.gxf3 Rhg8+ 31.Kf2 Rg7 
32.Nd5 Nxd5 33.cxd5 Rb8 34.Rab1 Rbg8 35.Reg1 h4 
36.Rxg7+ Rxg7 37.b5 Rg8 38.a6 h3 39.Rg1 Rb8 
40.Rg7+ Kd8 41.Rg8+ Kd7 42.Rxb8 1-0

[Event "HCL-B004"]
[Site "www.playchess.de"]
[Date "2000.07.13"]
[Round "2"]
[White "Werner"]
[Black "damage_kase"]
[WhiteElo "1200"]
[BlackElo "1200"]
[PlyCount "45"]
[Result "1-0"]

1.e4 c5 2.c3 d6 3.d4 cxd4 4.cxd4 Nf6 5.Nc3 a6 
6.Bd3 Nc6 7.Nge2 g6 8.O-O Bg7 9.Bg5 O-O 10.Qd2 b6 
11.f3 Bb7 12.Rac1 e6 13.Qe3 Qd7 14.a3 Ne8 15.Na4 
Nxd4 16.Nxb6 Nxe2+ 17.Bxe2 Qc7 18.Rxc7 Nxc7 
19.Nxa8 Rxa8 20.Qb6 Nb5 21.Qxb7 Ra7 22.Qc8+ Bf8 
23.Bh6 1-0

[Event "HCL-B007"]
[Site "www.playchess.de"]
[Date "2000.07.13"]
[Round "6"]
[White "Theos666"]
[Black "Ulf"]
[WhiteElo "1200"]
[BlackElo "1500"]
[PlyCount "58"]
[Result "0-1"]

1.d4 d5 2.Nc3 Nf6 3.f3 e6 4.e4 Bb4 5.e5 Nfd7 6.a3 
Bxc3+ 7.bxc3 c5 8.Ne2 c4 9.Nf4 Nb6 10.Nh5 Qh4+ 
11.g3 Qxh5 12.f4 Qxd1+ 13.Kxd1 Bd7 14.Bh3 Na6 
15.Bb2 Na4 16.Rb1 Nxb2+ 17.Rxb2 Rb8 18.Rf1 g6 
19.g4 Nc7 20.f5 Nb5 21.Kd2 Nxa3 22.Ra1 Nb5 23.fxe6 
fxe6 24.Rf1 Ke7 25.Rbb1 Rbf8 26.Bg2 Rxf1 27.Rxf1 
Rf8 28.h4 Rxf1 29.Bxf1 a5 0-1

[Event "HCL-C003"]
[Site "www.playchess.de"]
[Date "2000.07.13"]
[Round "26"]
[White "Dave"]
[Black "Smiler"]
[WhiteElo "1000"]
[BlackElo "1000"]
[PlyCount "21"]
[Result "1-0"]

1.e4 Nf6 2.d3 Nc6 3.d4 Nxe4 4.d5 Nb8 5.Bd3 Nf6 
6.c4 e6 7.Nc3 e5 8.Qe2 c6 9.Qxe5+ Be7 10.d6 Qb6 
11.Qxe7+ 1-0

[Event "HCL-C006"]
[Site "www.playchess.de"]
[Date "2000.07.13"]
[Round "7"]
[White "CHARON"]
[Black "Diego"]
[WhiteElo "1000"]
[BlackElo "1000"]
[PlyCount "57"]
[Result "1-0"]

1.e4 e5 2.Nf3 Nc6 3.Nc3 Nf6 4.Bc4 h6 5.d4 d6 
6.dxe5 dxe5 7.Qxd8+ Kxd8 8.Bxf7 Bb4 9.Bd2 Bxc3 
10.Bxc3 Nd7 11.O-O-O Ke7 12.Bd5 Nf6 13.Nxe5 Nxe4 
14.Nxc6+ bxc6 15.Bxe4 Rb8 16.Bxg7 Rg8 17.Bxh6 c5 
18.h4 a5 19.Bg5+ Kf8 20.Rd8+ Kg7 21.Bf6+ Kf7 
22.Bd5+ Be6 23.Bxe6+ Kxe6 24.Rxb8 Rxb8 25.Bg5 Kf5 
26.f4 c4 27.c3 Ke4 28.h5 Kd3 29.h6 1-0

[Event "ACL-A001"]
[Site "www.playchess.de"]
[Date "2000.07.13"]
[Round "2"]
[White "bibe"]
[Black "Redbaron"]
[WhiteElo "1500"]
[BlackElo "1500"]
[PlyCount "40"]
[Result "0-1"]

1.e4 c5 2.Nc3 Nc6 3.Nf3 e5 4.Bc4 Nf6 5.O-O Be7 
6.Ng5 O-O 7.d4 cxd4 8.Na4 a6 9.c3 b5 10.Nb6 Qxb6 
11.Qb3 d5 12.Bxd5 Nxd5 13.Qxd5 Bb7 14.cxd4 Rad8 
15.Qb3 Nxd4 16.Qh3 h6 17.Nf3 Ne2+ 18.Kh1 Qxf2 
19.Rxf2 Rd1+ 20.Ng1 Rxg1+ 0-1

[Event "HCL-A004"]
[Site "www.playchess.de"]
[Date "2000.07.14"]
[Round "2"]
[White "XXLman"]
[Black "tyhee"]
[WhiteElo "1800"]
[BlackElo "1600"]
[PlyCount "36"]
[Result "0-1"]

1.d4 d5 2.c4 dxc4 3.e4 e5 4.d5 Nf6 5.Qa4+ c6 
6.dxc6 Nxc6 7.Qxc4 Be6 8.Qa4 Bb4+ 9.Bd2 Nxe4 
10.Bxb4 Qd4 11.Qc2 Nxb4 12.Bb5+ Bd7 13.Bxd7+ Kxd7 
14.Qe2 Nd3+ 15.Kf1 Qxf2+ 16.Qxf2 Nexf2 17.Nh3 Nxh1 
18.Nc3 Nxb2 0-1

[Event "HCL-B007"]
[Site "www.playchess.de"]
[Date "2000.07.14"]
[Round "5"]
[White "Ulf"]
[Black "jonte2"]
[WhiteElo "1500"]
[BlackElo "1500"]
[PlyCount "55"]
[Result "1-0"]

1.e4 e5 2.Nf3 Nc6 3.Bb5 Bd6 4.O-O Nd4 5.Bc4 Nxf3+ 
6.Qxf3 Nh6 7.d3 c6 8.Bxh6 O-O 9.Qg3 Qf6 10.Bg5 Qg6 
11.Nd2 h6 12.Be3 b5 13.Qxg6 bxc4 14.Qxd6 Re8 
15.Nxc4 Re6 16.Qc7 g5 17.Nd6 a5 18.Nxc8 Re8 19.Nb6 
Rab8 20.Nxd7 Rbc8 21.Nf6+ Kf8 22.Bc5+ Kg7 23.Nxe8+ 
Rxe8 24.d4 Kf6 25.Qxc6+ Re6 26.Qc8 g4 27.d5 Re7 
28.Qh8+ 1-0

[Event "HCL-B007"]
[Site "www.playchess.de"]
[Date "2000.07.14"]
[Round "9"]
[White "lostpawn2000"]
[Black "Theos666"]
[WhiteElo "1200"]
[BlackElo "1200"]
[PlyCount "47"]
[Result "1-0"]

1.d4 Nf6 2.c4 c6 3.Nc3 d5 4.cxd5 cxd5 5.Bf4 Nc6 
6.e3 g6 7.Nf3 Nd7 8.Bd3 f6 9.Nxd5 e6 10.Nc7+ Kf7 
11.Nxa8 g5 12.Bg3 e5 13.a3 g4 14.Qb3+ Kg7 15.Nh4 
Na5 16.Nf5+ Kg6 17.Nd6+ Kg7 18.Qd5 Nb6 19.Qxa5 
Qxd6 20.Nxb6 axb6 21.Qc3 Be7 22.Rc1 Qe6 23.dxe5 
fxe5 24.Bxe5+ 1-0

[Event "HCL-B007"]
[Site "www.playchess.de"]
[Date "2000.07.15"]
[Round "10"]
[White "Ulf"]
[Black "lostpawn2000"]
[WhiteElo "1500"]
[BlackElo "1200"]
[PlyCount "51"]
[Result "1-0"]

1.e4 c6 2.d4 d5 3.exd5 cxd5 4.c4 Nf6 5.Nc3 Nc6 
6.Nf3 Bg4 7.cxd5 Nxd5 8.Qb3 Bxf3 9.gxf3 Nxc3 
10.bxc3 Rb8 11.d5 Na5 12.Qa4+ Nc6 13.dxc6 bxc6 
14.Qxc6+ Qd7 15.Qxd7+ Kxd7 16.a4 e6 17.Bb5+ Ke7 
18.O-O a6 19.Bxa6 Rb3 20.Bd2 h6 21.Rfb1 Rxb1+ 
22.Rxb1 g5 23.Rb8 Rh7 24.Bd3 Rg7 25.a5 Kf6 
26.Rxf8 1-0

[Event "HCL-C011"]
[Site "www.playchess.de"]
[Date "2000.07.15"]
[Round "2"]
[White "Mathemagician"]
[Black "lzfernandes"]
[WhiteElo "1001"]
[BlackElo "1000"]
[PlyCount "59"]
[Result "1-0"]

1.e4 Nf6 2.e5 Ne4 3.d3 Nc5 4.Nf3 e6 5.d4 Ne4 6.Qe2 
Bb4+ 7.c3 d5 8.cxb4 Nc6 9.Nbd2 Ng5 10.Nxg5 Qxg5 
11.Nf3 Qg6 12.Qd2 b6 13.Bd3 Qxg2 14.Rg1 Qxf3 
15.Qc3 Nxb4 16.Bb5+ Bd7 17.Bxd7+ Kxd7 18.Qxf3 Nc2+ 
19.Kd1 Nxa1 20.Qxf7+ Kc6 21.Qxe6+ Kb7 22.Qxd5+ Ka6 
23.Be3 Raf8 24.Kd2 Rfd8 25.Qc4+ Kb7 26.Rxa1 Rhf8 
27.e6 Rf6 28.e7 Re8 29.Qd5+ Kb8 
30.Qd8+ 1-0

[Event "HCL-B010"]
[Site "www.playchess.de"]
[Date "2000.07.16"]
[Round "8"]
[White "rytaylor"]
[Black "Shogun"]
[WhiteElo "1500"]
[BlackElo "1200"]
[PlyCount "31"]
[Result "1-0"]

1.e4 e5 2.Nf3 Nf6 3.Bc4 d5 4.exd5 Nxd5 5.Nxe5 Qe7 
6.d4 Be6 7.O-O Nd7 8.Re1 O-O-O 9.c3 g6 10.Nf3 Qd6 
11.Na3 Bg7 12.Nb5 Qb6 13.a4 a6 14.a5 axb5 15.axb6 
bxc4 16.Ra8+ 1-0

[Event "HCL-C005"]
[Site "www.playchess.de"]
[Date "2000.07.16"]
[Round "12"]
[White "Kiepski"]
[Black "Glimmung"]
[WhiteElo "1000"]
[BlackElo "1000"]
[PlyCount "27"]
[Result "1-0"]

1.e4 e5 2.Nf3 d6 3.Bc4 Nf6 4.d3 h6 5.h3 Bd7 6.Nc3 
Nc6 7.O-O Nh5 8.Nxe5 dxe5 9.Qxh5 g6 10.Qf3 f6 
11.Qg3 g5 12.Qf3 h5 13.Bxg5 fxg5 
14.Qf7+ 1-0

[Event "HCL-C008"]
[Site "www.playchess.de"]
[Date "2000.07.16"]
[Round "1"]
[White "pablo"]
[Black "Kiepski"]
[WhiteElo "1000"]
[BlackElo "1000"]
[PlyCount "23"]
[Result "1/2-1/2"]

1.d4 d5 2.Nf3 Nf6 3.e3 Nc6 4.c4 Bf5 5.a3 e6 6.Nc3 
Be7 7.Be2 O-O 8.O-O a6 9.b4 h6 10.Bb2 Rc8 11.Rc1 
Na7 12.h3 1/2-1/2

[Event "ACL-A004"]
[Site "www.playchess.de"]
[Date "2000.07.16"]
[Round "7"]
[White "Mathemagician"]
[Black "mhansen"]
[WhiteElo "1500"]
[BlackElo "1500"]
[PlyCount "72"]
[Result "0-1"]

1.e4 e5 2.Nf3 Nc6 3.d4 exd4 4.Bc4 Bb4+ 5.c3 dxc3 
6.bxc3 Ba5 7.O-O d6 8.Qa4 Nge7 9.e5 O-O 10.Rd1 a6 
11.exd6 cxd6 12.Qc2 Bg4 13.Ng5 Ng6 14.f3 Bc8 
15.Bb3 Bc7 16.Be3 Qe7 17.Qd3 b5 18.a4 Nce5 19.Qd4 
Rb8 20.Qd2 Nc4 21.Bxc4 bxc4 22.Ba7 Rb7 23.Re1 Qd8 
24.Be3 d5 25.f4 Qd6 26.g3 Bf5 27.Na3 Rb3 28.Nc2 
Ba5 29.Bd4 Rb2 30.Rac1 Qd7 31.Bc5 Rc8 32.Bd4 Rcb8 
33.Nf3 Be4 34.Re3 Qxa4 35.Ra1 Bxc2 36.Rxa4 
Bxa4 0-1

[Event "HCL-B002"]
[Site "www.playchess.de"]
[Date "2000.07.17"]
[Round "6"]
[White "jonte2"]
[Black "Ulf"]
[WhiteElo "1500"]
[BlackElo "1500"]
[PlyCount "76"]
[Result "0-1"]

1.e4 c5 2.d4 cxd4 3.Qxd4 Nc6 4.Qc3 e6 5.Nf3 Bb4 
6.Bd2 Bxc3 7.Bxc3 Nf6 8.e5 Ne4 9.Bb5 Nxc3 10.Nxc3 
d5 11.O-O-O Bd7 12.a3 Nxe5 13.Nxe5 Qg5+ 14.Kb1 
Bxb5 15.Nf3 Qxg2 16.Nxb5 Qxf3 17.Nc7+ Ke7 18.Nxa8 
Rxa8 19.Kc1 Rc8 20.Rhf1 Rc4 21.Rde1 Qd3 22.c3 Re4 
23.Red1 Qf3 24.h3 Re2 25.Rd2 Qf4 26.Rfd1 Rxf2 
27.Kc2 Rxd2+ 28.Rxd2 Qe4+ 29.Kb3 e5 30.h4 f5 31.h5 
f4 32.a4 Ke6 33.a5 f3 34.Rh2 Qe2 35.Rxe2 fxe2 
36.h6 gxh6 37.c4 e1Q 38.cxd5+ Kxd5 0-1

[Event "HCL-C011"]
[Site "www.playchess.de"]
[Date "2000.07.17"]
[Round "9"]
[White "burrango"]
[Black "Mathemagician"]
[WhiteElo "1000"]
[BlackElo "1001"]
[PlyCount "33"]
[Result "1-0"]

1.Nf3 Nf6 2.d4 e6 3.c4 Be7 4.Nc3 O-O 5.Bf4 b6 6.e4 
Bb7 7.Bd3 Nc6 8.O-O Rc8 9.e5 Ne8 10.d5 exd5 
11.cxd5 Nb4 12.Bc4 d6 13.a3 Na6 14.Re1 dxe5 
15.Nxe5 Nd6 16.Bxa6 Bxa6 17.Nc6 1-0

[Event "HCL-A005"]
[Site "www.playchess.de"]
[Date "2000.07.18"]
[Round "6"]
[White "Catalina"]
[Black "edwardchess"]
[WhiteElo "1700"]
[BlackElo "1700"]
[PlyCount "37"]
[Result "1-0"]

1.e4 e6 2.d4 d5 3.Nc3 Nf6 4.e5 Nfd7 5.f4 c5 6.Nf3 
Nc6 7.Be3 a6 8.Qd2 cxd4 9.Nxd4 Bb4 10.Bd3 O-O 
11.O-O Nxd4 12.Bxd4 Bc5 13.Ne2 Qb6 14.c3 Bxd4+ 
15.cxd4 f6 16.Rac1 fxe5 17.fxe5 Rxf1+ 18.Rxf1 Nxe5 
19.Qf4 1-0

[Event "HCL-B005"]
[Site "www.playchess.de"]
[Date "2000.07.18"]
[Round "2"]
[White "sash"]
[Black "Theos666"]
[WhiteElo "1500"]
[BlackElo "1200"]
[PlyCount "55"]
[Result "1-0"]

1.d4 Nf6 2.c4 d5 3.e3 b6 4.b4 e6 5.c5 a6 6.Bb2 Nc6 
7.cxb6 cxb6 8.a3 a5 9.b5 Ne7 10.Bd3 Bb7 11.Nf3 Qd6 
12.O-O g6 13.Nbd2 Bh6 14.Rc1 O-O 15.Ne5 Kh8 16.Qb3 
Rac8 17.a4 Rxc1 18.Rxc1 Qb4 19.Qxb4 axb4 20.Rc7 
Rc8 21.Rxb7 Kg7 22.Rxe7 Re8 23.Rxf7+ Kg8 24.Rxf6 
Kg7 25.Rf7+ Kg8 26.Rb7 Ra8 27.Bc2 Rc8 
28.Nc6 1-0

[Event "HCL-B004"]
[Site "www.playchess.de"]
[Date "2000.07.19"]
[Round "7"]
[White "Polo"]
[Black "damage_kase"]
[WhiteElo "1500"]
[BlackElo "1200"]
[PlyCount "70"]
[Result "0-1"]

1.c4 Nf6 2.Nc3 g6 3.Nf3 Bg7 4.Qc2 d5 5.cxd5 Nxd5 
6.e4 Nb6 7.d3 Nc6 8.a3 O-O 9.Be3 Nd4 10.Nxd4 Bxd4 
11.Qd2 Bg7 12.Be2 Nd7 13.h4 h5 14.g4 f6 15.gxh5 
gxh5 16.Bxh5 Rf7 17.Bxf7+ Kxf7 18.Bh6 Bxh6 19.Qxh6 
Ne5 20.Qe3 Nxd3+ 21.Ke2 Nxb2 22.Qd2 Bg4+ 23.Ke1 
Qxd2+ 24.Kxd2 Rd8+ 25.Kc2 Nc4 26.Kb3 Nd2+ 27.Kb2 
Bf3 28.Rhe1 c6 29.Kc2 Rd4 30.Rad1 Bxd1+ 31.Rxd1 
Nf3 32.Rxd4 Nxd4+ 33.Kd3 e5 34.Ne2 Nxe2 35.Kxe2 
Kg6 0-1

[Event "HCL-B006"]
[Site "www.playchess.de"]
[Date "2000.07.19"]
[Round "2"]
[White "Aussie_3340"]
[Black "FrenchKnight"]
[WhiteElo "1200"]
[BlackElo "1300"]
[PlyCount "51"]
[Result "1/2-1/2"]

1.e4 e6 2.d3 d5 3.Nd2 Bc5 4.c3 c6 5.d4 Be7 6.e5 
Nd7 7.Nb3 c5 8.Qg4 g6 9.Be3 f5 10.Qg3 c4 11.Nd2 g5 
12.h4 g4 13.Ne2 h5 14.Nf4 Nf8 15.O-O-O Qa5 16.Kb1 
b5 17.Ne2 b4 18.Bg5 Ng6 19.Bxe7 N8xe7 20.Rc1 Kf7 
21.Qe3 Bd7 22.Qg5 Rag8 23.Qf6+ Ke8 24.f3 Nf8 
25.fxg4 Nh7 26.Qh6 1/2-1/2

[Event "HCL-C003"]
[Site "www.playchess.de"]
[Date "2000.07.19"]
[Round "29"]
[White "Jeff_Foster"]
[Black "bibe"]
[WhiteElo "1000"]
[BlackElo "1000"]
[PlyCount "27"]
[Result "1-0"]

1.e4 e5 2.Nc3 Bd6 3.Nf3 Nf6 4.Bc4 Bc5 5.Nxe5 O-O 
6.d4 Bb6 7.Bxf7+ Rxf7 8.Nxf7 Kxf7 9.e5 Ng8 10.Qh5+ 
g6 11.Qxh7+ Kf8 12.Be3 d6 13.Qxg6 Ne7 
14.Bh6+ 1-0

[Event "HCL-C008"]
[Site "www.playchess.de"]
[Date "2000.07.19"]
[Round "3"]
[White "Kiepski"]
[Black "Queen"]
[WhiteElo "1000"]
[BlackElo "1000"]
[PlyCount "43"]
[Result "1-0"]

1.e4 e5 2.Nf3 d5 3.Nc3 Bd7 4.Nxd5 Bg4 5.h3 Bc5 
6.hxg4 Bxf2+ 7.Kxf2 Ne7 8.Nxe7 Qxe7 9.d3 O-O 
10.Be2 Nc6 11.Be3 Rae8 12.Qd2 Qb4 13.Qxb4 Nxb4 
14.c3 Nc2 15.Rac1 Nxe3 16.Kxe3 g6 17.Rh6 Re7 
18.Rch1 b5 19.R6xh7 Rfe8 20.g5 b4 21.R7h8+ Kg7 
22.R1h7+ 1-0

[Event "ACL-A005"]
[Site "www.playchess.de"]
[Date "2000.07.19"]
[Round "8"]
[White "Maat"]
[Black "Catalina"]
[WhiteElo "1500"]
[BlackElo "1500"]
[PlyCount "56"]
[Result "1/2-1/2"]

1.e4 c5 2.Nf3 d6 3.d4 cxd4 4.Nxd4 Nf6 5.Nc3 g6 
6.Be3 Bg7 7.f3 O-O 8.Qd2 Nc6 9.O-O-O d5 10.exd5 
Nxd5 11.Nxc6 bxc6 12.Bd4 e5 13.Bc5 Be6 14.Ne4 Re8 
15.h4 h6 16.g4 Qc7 17.g5 h5 18.Bd6 Qb6 19.c4 Red8 
20.Bc5 Qc7 21.Qe1 a5 22.Rh2 Rd7 23.Rhd2 Rad8 
24.Qf2 Nb4 25.a3 R7xd2 26.Rxd2 Rxd2 27.Nxd2 Na6 
28.Bb6 Qb7 1/2-1/2

[Event "HCL-A004"]
[Site "www.playchess.de"]
[Date "2000.07.20"]
[Round "4"]
[White "tyhee"]
[Black "Skull"]
[WhiteElo "1600"]
[BlackElo "1700"]
[PlyCount "29"]
[Result "1-0"]

1.e4 d5 2.exd5 Qxd5 3.Nc3 Qd8 4.d4 Nf6 5.Nf3 Bg4 
6.h3 Bxf3 7.Qxf3 c6 8.Be3 Nbd7 9.Bd3 e5 10.O-O Be7 
11.Rad1 exd4 12.Bxd4 O-O 13.Bxf6 Bxf6 14.Bf5 Bxc3 
15.Qxc3 1-0